000 01398cad a22002775a 4500
001 L160095
008 100611s2009 xxk f 000 0 eng d
035 _a(Sirsi) u160095
041 0 _aeng
110 2 _aFederation International Des Geometres
111 2 _aFIG / World Bank Conference Washington DC, USA
_d9 - 10 March 2009
245 0 0 _aMoving towards clear land title in India
_bPotential benefits, a roadmap, and remaining challenges
_h[electronic resource]
260 _aWashington
_bFIG
_c2009
520 _aPresent land titling system in India provides for registration of deeds and documents and "presumptive" property titles. India has begun the journey towards the goal of ushering in the system of Conclusive Tiles with title guarantee. Modernization of the land records management and property registration systems is the first step.
521 _aAdvanced
590 _aKA
650 2 4 _aLAND REFORM
650 2 4 _aPROPERTY TENURE
650 2 4 _aLAND RECORDS
651 4 _aIndia
690 _aLand use
_96251
700 1 _aSinha, Rita
856 4 0 _uhttps://www.rics.org/Global/Downloads/RICS_FIG_Moving_Towards_Clear_Land_TItles_in_India.pdf
_zView the conference paper free of charge at www.rics.org
856 4 0 _uhttps://fig.net/resources/proceedings/2009/fig_wb_2009/papers/country/country_sinha_ppt.pdf
_zView the presentation free of charge at fig.net
942 _n0
999 _c116211
_d116211